书目信息 |
| 题名: |
设计与设计家
|
|
| 作者: | 考克斯 设计 ;Pyramyd工作室 编辑 | |
| 分册: | 第一辑(005) 保罗·考克斯 | |
| 出版信息: | 北京 中国青年出版社 2006 |
|
| 页数: | 96页 | |
| 开本: | 16×16cm | |
| 丛书名: | ||
| 单 册: | ||
| 中图分类: | J534(565) , J111 | |
| 科图分类: | ||
| 主题词: | 平面设计--法国--现代--图集 , 美术 , 美术--作品--世界--现代--画册 , 平面设计 | |
| 电子资源: | ||
| ISBN: | 7-5006-6621-7 | |
| 000 | 01142nam0 2200301 450 | |
| 001 | 003148098 | |
| 005 | 20070805165143.85 | |
| 010 | @a7-5006-6621-7@dCNY25.00 | |
| 100 | @a20060104d2006 em y0chiy0110 ea | |
| 101 | 0 | @achi |
| 102 | @aCN@b110000 | |
| 105 | @aa z 000yd | |
| 200 | 1 | @a设计与设计家@9she ji yu she ji jia@h第一辑(005)@i保罗·考克斯@dDesign & designer@iPaul Cox@f(法)PYRAMYD编辑@zeng |
| 210 | @a北京@c中国青年出版社@d2006 | |
| 215 | @a96页@d16×16cm | |
| 305 | @a本书由法国PYRAMYD授权中国青年出版社独家出版 | |
| 330 | @a本套书汇聚了来自不同背景的平面艺术家、设计师、插图画家和摄影师,引领我们倘佯于他们具有代表性意义的作品中。每一本专著都强调了图片的视觉效果,并对每位艺术家作品的特质进行了点评。 | |
| 510 | 1 | @aDesign & designer@iPaul Cox@zeng |
| 606 | 0 | @a平面设计@y法国@z现代@j图集 |
| 606 | 0 | @a美术 |
| 606 | 0 | @a美术@x作品@y世界@z现代@j画册 |
| 606 | 0 | @a平面设计 |
| 690 | @aJ534(565)@v4 | |
| 690 | @aJ111@v4 | |
| 701 | 0 | @c(法)@a考克斯@9kao ke si@f1959~)@c(Cox, Paul@4设计 |
| 711 | 02 | @c(法)@aPyramyd工作室@9Pyramyd gong zuo shi@4编辑 |
| 801 | 0 | @aCN@bNLC@c20070805 |
| 905 | @a10447@dJ111@e103:1(5) | |
| 设计与设计家.第一辑(005).保罗·考克斯=Design & designer.Paul Cox/(法)PYRAMYD编辑.-北京:中国青年出版社,2006 |
| 96页;16×16cm |
| ISBN 7-5006-6621-7:CNY25.00 |
| 本套书汇聚了来自不同背景的平面艺术家、设计师、插图画家和摄影师,引领我们倘佯于他们具有代表性意义的作品中。每一本专著都强调了图片的视觉效果,并对每位艺术家作品的特质进行了点评。 |
| ● |
| 相关链接 |
|
|
|
|
正题名:设计与设计家
索取号:J111/103:1(5)
 
预约/预借
| 序号 | 登录号 | 条形码 | 馆藏地/架位号 | 状态 | 备注 |
| 1 | 0808631 | 208086319 | 第一样本阅览室/ [索取号:J111/103:1(5)] | 在馆 | |
| 2 | 0808632 | 208086328 | 第一借阅区/ [索取号:J111/103:1(5)] | 在馆 | |
| 3 | 0808633 | 208086337 | 密集书库-美术系/ [索取号:J111/103:1(5)] | 在馆 |